000 01393nam a2200349 c 4500
003 BLK
005 20180420222129.0
008 180408b bul|||||r ||||||| ||bul||
010 _aKNG00055063000
040 _aBLK
041 _aBUL
_cBUL
080 _aГеография на България
_b913(497.2)
_x
_z913(497.2)
080 _aКраезнание
_b908
_x(497.2)
_z908(497.2)
100 1 _aАнгелов, Георги Александров
_eпърви автор
_9283652
139 _aАнгелов, Георги Александров
_bА 64
245 1 0 _aИзворът на Белоногата
_bКраеведски очерк
_cГеорги Александров Ангелов.
257 _aBGR
260 София
_bМедицина и физкултура
_c1980
_fПловдив : Д. Благоев
300 _a64 с.
_bс ил.
_c17 см
380 _a91
490 1 _aМалка туристическа библиотека
650 4 _aГрадове - България
_9243112
651 4 _aХарманли
_9179734
653 _aкраезнание
653 _aградове
653 _aЮжна България
852 _aЦб І 18108
856 4 _qpdf
_u
856 4 _qpdf
_u
942 _cKNG
_n0
944 _aCR
_c15.06.2011
_l15.06.2011 - от С1,Р / 15.06.2011
_kГеновева_Генчева
944 _aED
_c15.06.2011
_l15.06.2011 - от С1,Р / 15.06.2011
_k
999 _c51162
_d51162